000 01011nam a2200301Ia 4500
003 OSt
005 20221007125547.0
006 a|||||r|||| 00| 0
007 ta
008 221006b |||||||| |||| 00| 0 eng d
020 _a0195668812 (pbk)
_cRs.245.00
024 _a15050
037 _b1171/2005-06, 07/07/2005, Educational Book Agency (India)
_cTextual
040 _aCDL
_cCDL
_beng
041 _2eng
_aeng
082 _aE:21, P3-;1 Carc
100 _aKeeler James
245 0 _aWhy chemical reactions happen
_b Wothers Peter
260 _aNew
_bYork Oxford University Press
_c2003
300 _aix, 243p.
_ccm.
500 _aIndex 234-243p.
650 _a Chemical combination and action
_9722122
650 _a Chemical reactions
_9716740
650 _aChemistry
700 _a Wothers Peter
_9717935
942 _hE:21, P3-;1 Carc
_cTEXL
_2CC
999 _c1215502
_d1215502